| 000 | 00668nam a2200229 a 4500 | ||
|---|---|---|---|
| 005 | 20140310183624.0 | ||
| 008 | 120906s19uu xx 00 eng d | ||
| 020 | _a9780124159495 | ||
| 050 |
_aHD 30.2 _b.H657 2012 |
||
| 100 | _aHoltsnider, Bill | ||
| 245 |
_aIT manager's handbook : _bgetting your new job done / _cBill Holtsnider |
||
| 250 | _a3rd ed. | ||
| 260 |
_aAmsterdam : _bElsevier, _c2012. |
||
| 300 |
_axxvi, 341 p. : _c24 cm. |
||
| 500 | _aIncludes index. | ||
| 521 | _aIT | ||
| 650 |
_aIndustrial management _xData processing |
||
| 650 | _aManagement information systems | ||
| 700 | _aJaffe, Brian D. | ||
| 942 |
_cBK _2lcc _kFOR |
||
| 999 |
_c25482 _d25482 |
||